000 00854nam a2200313 a 4500
003 AR-BaBNM
005 20251128204300.0
008 082120s2002 ||||||||||||||000 | spa||
040 _cAR-BaBNM
100 1 _aCarella, Tulio
245 0 0 _aEl sainete
260 _aBuenos Aires
_bCentro Editor de América Latina
_c1967
300 _a50 p.
490 0 _aEnciclopedia de la literatura argentina
_vv. 4
500 _aContiene referencias bibliográficas en p. 50
650 4 _aLITERATURA ARGENTINA
650 4 _aCRITICA LITERARIA
650 4 _aCOSTUMBRES Y TRADICIONES
650 4 _aSIGLO DIECINUEVE
650 4 _aESCRITORES
650 4 _aLITERATURA POPULAR
650 4 _aTEATRO POPULAR
650 4 _aACTORES
653 _aLITERATURA GAUCHESCA
653 _aSAINETE CRIOLLO
655 _aLITERATURA
942 _cBK
998 _cMARTIN
999 _c6849
_d6849